| 000 | 00440nam a2200181Ia 4500 | ||
|---|---|---|---|
| 008 | 160803s9999 xx 000 0 und d | ||
| 020 | _a 978-0439135245 | ||
| 100 | _aCooney, Caroline B. | ||
| 245 | _aFatality / | ||
| 245 | _cCaroline B. Cooney. | ||
| 260 | _aNew York : | ||
| 260 | _bScholastic Inc. | ||
| 260 | _c2001 | ||
| 300 | _a198 pages ; | ||
| 300 | _c18 cm | ||
| 650 | _aDetective and mystery stories. | ||
| 700 | _a710 | ||
| 999 |
_c298592 _d298592 |
||